Tendencias del cine iberoamericano en el nuevo milenio : Argentina, Brasil, España y México /

Veinte artículos que presentan un panorama de las tendencias del cine iberoamericano a principios del milenio. La obra se divide en cuatro grandes bloques: panoramas, tendencias, estilos y estudios de caso. En Panoramas, se ahonda en las películas representativas del cine argentino, brasileño, españ...

Popoln opis

Shranjeno v:
Bibliografske podrobnosti
Glavni avtor: Vargas Maldonado, Juan Carlos (coordinación)
Drugi avtorji: Berthier, Nancy (introducción) (introducción)
Format: Knjiga
Jezik:španščina
Izdano: Guadalajara, México : Universidad de Guadalajara, Centro Universitario de Ciencias Sociales y Humanidades, 2011, c2011
Teme:
Oznake: Označite
Brez oznak, prvi označite!

MARC

LEADER 00000nam^a2200000^a^4500
001 000588825
005 20250521000000.0
009 20260310132838.063
020 |a 978-607-450-375-3 
037 |a Acervo ITESO - Biblioteca 
041 |a ESP 
082 |a 302. 2350980  |b VAR 
100 |a Vargas Maldonado, Juan Carlos  |e (coordinación) 
245 1 0 |a Tendencias del cine iberoamericano en el nuevo milenio :  |b Argentina, Brasil, España y México /  |c Coord. de J.C. Vargas Maldonado ; introd. de N. Berthier. 
264 4 |a Guadalajara, México :  |b Universidad de Guadalajara, Centro Universitario de Ciencias Sociales y Humanidades,  |c 2011, c2011 
300 |a 536 p. 
336 |a texto  |b txt  |2 rdacontenido 
337 |a sin mediación  |b n  |2 rdamedio 
338 |a volumen  |b nc  |2 rdasoporte 
520 |a Veinte artículos que presentan un panorama de las tendencias del cine iberoamericano a principios del milenio. La obra se divide en cuatro grandes bloques: panoramas, tendencias, estilos y estudios de caso. En Panoramas, se ahonda en las películas representativas del cine argentino, brasileño, español y mexicano de principio de siglo. En Tendencias se analiza el cine minimalista, la migración, las fronteras del documental y el pasaje de cineastas mexicanos en Hollywood. En Estilos, se ahonda en los estilos de realizadores como Lisandro Alonso, Pablo Trapero, Beto Brant, Walter Walles, Alejandro Amenábar, Isabel Coixet, Guillermo del Toro, o Carlos Reygadas. En Estudios de caso, se analizan La niña santa, de Lucrecia Martel, Ceguera, de Fernando Meirelles; Volver, de Pedro Almodóvar, y la película mexicana de terror KM 31. 
649 |a XX 
650 |a Cineastas Mexicanos 
650 |a Cineastas Brasileños 
650 |a Cineastas Argentinos 
650 |a Cineastas Españoles 
650 |a Migración en el Cine -  |z Latinoamérica -  |x Historia y Crítica 
650 |a Migración -  |z Latinoamérica 
650 |a Identidad Cultural -  |z Latinoamérica 
650 |a Películas de Suspenso y Terror -  |z México -  |x Historia y Crítica 
650 |a Documentales -  |z México -  |x Historia y Crítica 
650 |a Cine Mexicano -  |x Historia y Crítica 
650 |a Cine Brasileño -  |x Historia y Crítica 
650 |a Cine Argentino -  |x Historia y Crítica 
650 |a Cine Español -  |x Historia y Crítica 
650 |a Cine Latinoamericano -  |x Historia y Crítica -  |x Tema Principal 
650 |a Reygadas, Carlos 
650 |a Toro, Guillermo del 
650 |a Brant, Beto 
650 |a Salles, Walter 
650 |a Meirelles, Fernando 
650 |a Alonso, Lisandro 
650 |a Trapero, Pablo 
650 |a Martel, Lucrecia 
650 |a Coixet, Isabel 
650 |a Amenábar, Alejandro 
650 |a Almodóvar, Pedro 
700 |a Berthier, Nancy  |e (introducción) 
910 |a Fondo General 
920 |a Impresos - Libros 
930 |a Colección General 
905 |a 101 
901 |a 0500338294  |b IT1  |c ACC  |i C187185  |u 20250521 
902 |a https://opac.biblio.iteso.mx/vufind/Record/000588825